[Event "27th CRO-chT 1B-Men 2018"]
[Site "Biograd"]
[Date "2018.09.18"]
[Round "4.1"]
[White "Sedlak, Nikola"]
[Black "Kosic, Dragan"]
[Result "1-0"]
[WhiteElo "2587"]
[BlackElo "2465"]
[Annotator "TA"]
[PlyCount "159"]
[EventDate "2018.09.15"]
[EventType "team-tourn"]
[EventCountry "CRO"]
[SourceTitle "playchess.com"]
[Source "ChessBase"]
[SourceQuality "1"]

{[%evp 11,159,4,4,0,1,11,8,0,0,6,30,21,21,22,65,65,66,68,67,65,61,65,65,67,69,57,85,41,66,57,66,60,88,60,99,67,94,70,81,53,62,58,76,66,94,91,121,121,123,110,107,79,81,73,124,123,129,121,137,84,133,116,117,0,132,84,93,95,124,132,133,133,121,59,59,59,69,59,172,180,173,173,157,59,59,59,59,59,59,59,59,59,59,59,59,59,59,59,100,0,6,0,0,0,23,0,8,0,0,0,0,0,0,0,0,0,8,0,0,0,468,445,525,495,534,519,780,777,749,681,582,543,2000,490,29971,29972,29972,29973,29969,29972,29972,29975,29975,29976,29976,29976,29975,29976,29979,29977]} 1. d4 e6 2. Nf3 d5 3. Bf4 Bd6 4. Bg3 Nf6 5. e3 O-O 6. c4 {D02: 1 d4 d5 2 Nf3 sidelines, including 2...Nf6 3 g3 and 2...Nf6 3 Bf4} b6 {LiveBook: 6 Games} 7. cxd5 (7. Nc3 Bb7 8. cxd5 Nxd5 9. Nxd5 Bxd5 10. Bd3 Nd7 11. a3 h6 12. e4 Bb7 13. Bxd6 cxd6 {½-½ (50) So,W (2778)-Anand,V (2759) Paris 2018}) 7... exd5 8. Nc3 {The position is equal.} Bb7 9. Bd3 c5 10. Rc1 Be7 $146 ({Predecessor:} 10... Qe7 11. Bxd6 Qxd6 12. dxc5 bxc5 13. Qb3 {½-½ (33) Bareev,E (2555)-Yudasin,L (2475) Tallinn 1988}) 11. O-O Nbd7 12. Ne5 $36 {[%mdl 2048] White is more active.} Ne4 13. Bxe4 dxe4 14. Nxd7 $1 Qxd7 15. dxc5 Qxd1 16. Rfxd1 Bxc5 17. Bd6 Rfc8 18. Bxc5 Rxc5 19. Rd4 g6 20. Rcd1 Rac8 21. h4 (21. Nxe4 Bxe4 22. Rxe4 Rc1 $11) 21... Kg7 22. Kh2 (22. Nxe4 $6 Bxe4 23. Rxe4 Rc1 $11) 22... R8c7 23. R1d2 Re7 24. Rd7 Rce5 25. Rxe7 Rxe7 $16 {[%mdl 4096] Endgame KRB-KRN} 26. Kg3 h6 27. Rd8 g5 28. Nb5 Re5 29. Nd4 ({Inferior is} 29. Nxa7 Ra5 $17) 29... Rd5 30. Re8 Rd7 31. b4 Bd5 32. a4 Kf6 (32... Kg6 $142) 33. h5 Be6 34. b5 Bd5 35. Rc8 (35. Kh3 $142) 35... Kg7 36. Rc1 Kf6 37. Rc8 Kg7 $1 38. Nf5+ Kh7 {And now ...Be6 would win.} 39. Rc1 Be6 40. Nd4 Bd5 41. Kh2 Kg7 42. g4 ({White should try} 42. Kh3 $16) 42... Kf6 $14 43. Kg3 Be6 44. Rc6 Ke5 ({Better is} 44... Rb7 $1 $14) 45. Rc8 $18 Kf6 46. Nxe6 fxe6 {KR-KR} 47. Rg8 (47. Rh8 $16 Kg7 48. Rc8) 47... Rh7 $1 $14 48. Rg6+ Ke5 49. Kg2 Kd5 50. Kf1 Ke5 51. Ke2 Kd5 52. Rf6 Ke5 53. Rf8 $1 Kd5 54. Kd2 Kc4 {[#]} 55. Rf6 (55. Rd8 $1 $16) 55... Kb4 $11 56. Rxe6 Kxa4 57. Re5 Kb4 58. Ke2 Kc4 59. f3 exf3+ 60. Kxf3 Kd3 61. Rd5+ Kc4 62. Rf5 Kd3 63. e4 Kd4 64. Rd5+ Kc4 65. Ke3 Re7 $2 {[%mdl 8192]} (65... Rh8 $1 $11 {and Black stays safe.}) 66. Rd6 $18 Kxb5 67. Rxh6 a5 68. Rg6 a4 (68... Rh7 $142 69. Rxg5+ Kc4) 69. Rxg5+ Kc4 70. Rg6 b5 71. Ra6 Kb3 {If Black can now play ...Rh7 this consolidates a bit.} 72. g5 {[%cal Bg4g5,Bg5g6][%mdl 32] aiming for g6.} a3 (72... Rh7 $18 73. h6 b4) 73. g6 {White mates.} a2 74. h6 {[%cal Bh5h6,Bh6h7][%mdl 32]} Re6 {[#]} 75. Rxa2 $3 {[%mdl 512]} Rxg6 (75... Kxa2 76. g7) 76. Rh2 Rg8 77. h7 Rh8 78. Kf4 Kc4 79. Kf5 Kd4 80. e5 {Precision: White = 65%, Black = 56%.} 1-0

[Event "27th CRO-chT 1B-Men 2018"]
[Site "Biograd"]
[Date "2018.09.18"]
[Round "4.2"]
[White "Antunac, Goran"]
[Black "Nemeth, Miklos"]
[Result "1/2-1/2"]
[WhiteElo "2359"]
[BlackElo "2477"]
[Annotator "TA"]
[PlyCount "30"]
[EventDate "2018.09.15"]
[EventType "team-tourn"]
[EventCountry "CRO"]
[SourceTitle "playchess.com"]
[Source "ChessBase"]
[SourceQuality "1"]

{[%evp 14,30,24,27,50,16,39,39,47,37,54,4,25,8,19,26,28,12,6]} 1. d4 Nf6 2. Nf3 e6 3. c4 b6 4. g3 Bb7 5. Bg2 Be7 6. O-O O-O 7. Nc3 Bb4 {E18: Damenindisch (Hauptfortsetzung)} (7... Ne4 8. Bd2 d6 9. d5 Nxd2 10. Nxd2 e5 11. b4 a5 12. a3 Nd7 13. Nb3 f5 14. c5 bxc5 15. bxc5 a4 16. c6 axb3 17. cxb7 Rb8 18. Qxb3 {½-½ (42) Gelfand,B (2695)-Kramnik,V (2800) Moscow 2018}) 8. Bd2 {LiveBook: 5 Partien} c5 9. Rc1 Bxc3 $146 ({Vorgänger:} 9... cxd4 10. Nxd4 Bxg2 11. Kxg2 Nc6 12. Nxc6 dxc6 13. Qc2 Qd4 14. Nb1 Bxd2 15. Nxd2 Rfd8 16. Nf3 Qe4 17. Qxe4 Nxe4 18. Rfd1 c5 {½-½ (18) Suetin,A-Vitolinsh,A Riga (Latvia) 1975}) 10. Bxc3 Ne4 11. Qd3 d5 12. Ne5 f6 13. Nf3 Nd7 14. cxd5 Bxd5 15. Nd2 Nxc3 1/2-1/2

[Event "27th CRO-chT 1B-Men 2018"]
[Site "Biograd"]
[Date "2018.09.18"]
[Round "4.3"]
[White "Krstic, Uros"]
[Black "Mufic, Goran"]
[Result "1/2-1/2"]
[WhiteElo "2364"]
[BlackElo "2254"]
[Annotator "NA"]
[PlyCount "25"]
[EventDate "2018.09.15"]
[EventType "team-tourn"]
[EventCountry "CRO"]
[SourceTitle "playchess.com"]
[Source "ChessBase"]
[SourceQuality "1"]
[TimeControl "40/5400+30:1800+30"]

{[%evp 11,22,-3,32767,-3,14,6,-2,-4,35,0,30,19,29]} 1. e4 {[%emt 0:03:30]} c5 {[%emt 0:00:30]} 2. Be2 {[%emt 0:00:30]} Nc6 {[%emt 0:00:30]} 3. f4 {[%emt 0:00:30]} g6 {[%emt 0:01:30]} 4. Nf3 {[%emt 0:00:30]} Bg7 {[%emt 0:00:00]} 5. O-O {[%emt 0:00:00]} e6 {[%emt 0:01:00]} 6. c3 {[%emt 0:06:00]} d5 {[%emt 0:06:30]} 7. d3 {[%emt 0:09:30]} Nge7 {[%emt 0:01:30]} 8. Qe1 {[%emt 0:09:30]} b6 {[%emt 0:00:30]} 9. Na3 {[%emt 0:04:30]} Ba6 {[%emt 0:00:30] LiveBook: 3 Games} 10. Rb1 {[%emt 0:00:30]} dxe4 {[%emt 0:08:30]} 11. dxe4 {[%emt 0:00:30]} Bd3 $11 {[%emt 0:00:30]} 12. Bxd3 {[%emt 0:05:30]} Qxd3 {[%emt 0:00:30]} 13. Ng5 {[%emt 0:11:30]} 1/2-1/2

[Event "27th CRO-chT 1B-Men 2018"]
[Site "Biograd"]
[Date "2018.09.18"]
[Round "4.4"]
[White "Doric, Nenad"]
[Black "Vernacki, Srdjan"]
[Result "1/2-1/2"]
[WhiteElo "2249"]
[BlackElo "2357"]
[Annotator "ChessBase"]
[PlyCount "100"]
[EventDate "2018.09.15"]
[EventType "team-tourn"]
[EventCountry "CRO"]
[SourceTitle "playchess.com"]
[Source "ChessBase"]
[SourceQuality "1"]
[TimeControl "40/5400+30:1800+30"]

1. e4 {[%emt 0:01:30]} c5 {[%emt 0:00:30]} 2. Nf3 {[%emt 0:00:30]} e6 {[%emt 0:00:00]} 3. d4 {[%emt 0:00:30]} cxd4 {[%emt 0:00:00]} 4. Nxd4 {[%emt 0:00:30]} a6 {[%emt 0:00:00]} 5. Nc3 {[%emt 0:00:30]} b5 {[%emt 0:01:00]} 6. Bd3 {[%emt 0:00:30]} Bb7 {[%emt 0:00:30]} 7. O-O {[%emt 0:00:30]} b4 {[%emt 0:01:30]} 8. Na4 {[%emt 0:05:30]} Nf6 {[%emt 0:01:30]} 9. Re1 {[%emt 0:00:30]} Nc6 {[%emt 0:06:30]} 10. Nf3 {[%emt 0:12:30]} d6 {[%emt 0:05:30]} 11. c3 {[%emt 0:04:30]} Be7 {[%emt 0:03:30]} 12. Bf4 {[%emt 0:04:30]} O-O {[%emt 0:02:30]} 13. Rc1 {[%emt 0:03:30]} a5 {[%emt 0:16:30]} 14. c4 {[%emt 0:04:30] ad} Nd7 {[%emt 0:04:30]} 15. Bb1 {[%emt 0:01:30]} e5 {[%emt 0:04:30]} 16. Be3 {[%emt 0:02:30]} Qc7 {[%emt 0:10:30]} 17. c5 {[%emt 0:09:30]} dxc5 {[%emt 0:00:30]} 18. Nxc5 {[%emt 0:00:30]} Nxc5 {[%emt 0:00:30]} 19. Bxc5 {[%emt 0:00:00]} Bxc5 {[%emt 0:00:00]} 20. Rxc5 {[%emt 0:00:00]} Qb6 {[%emt 0:03:00]} 21. Qc1 {[%emt 0:07:30]} Rac8 {[%emt 0:00:30]} 22. Qe3 {[%emt 0:00:30]} f6 {[%emt 0:03:30]} 23. Rec1 {[%emt 0:02:30]} Nd4 {[%emt 0:03:30]} 24. Rxc8 {[%emt 0:00:30]} Rxc8 {[%emt 0:00:30]} 25. Rxc8+ {[%emt 0:01:30]} Bxc8 {[%emt 0:00:30]} 26. Bc2 {[%emt 0:07:30]} Be6 {[%emt 0:02:30]} 27. Bb3 {[%emt 0:03:30]} Bxb3 {[%emt 0:00:30]} 28. axb3 {[%emt 0:00:00]} Qc5 {[%emt 0:02:30]} 29. h3 {[%emt 0:07:00]} Qc2 {[%emt 0:01:30]} 30. Nxd4 {[%emt 0:00:47]} Qd1+ {[%emt 0:00:30]} 31. Kh2 {[%emt 0:00:13]} exd4 {[%emt 0:00:30]} 32. Qg3 {[%emt 0:00:31]} h6 {[%emt 0:02:30]} 33. e5 {[%emt 0:04:30]} fxe5 {[%emt 0:00:30]} 34. Qxe5 {[%emt 0:00:08]} Qxb3 {[%emt 0:01:30]} 35. Qe8+ {[%emt 0:01:16]} Kh7 {[%emt 0:00:30]} 36. Qe4+ {[%emt 0:00:13]} Kh8 {[%emt 0:00:30]} 37. Qa8+ {[%emt 0:09:54]} Qg8 {[%emt 0:02:30]} 38. Qxa5 {[%emt 0:00:03]} d3 {[%emt 0:07:35]} 39. Qxb4 {[%emt 0:01:08]} Qd5 {[%emt 0:00:19]} 40. Qd2 {[%emt 0:00:00]} Qe5+ {[%emt 0:00:00]} 41. g3 {[%emt 0:07:17]} Qe2 {[%emt 0:03:06]} 42. Qf4 {[%emt 0:00:30]} Kg8 {[%emt 0:00:30]} 43. Qc4+ {[%emt 0:01:30]} Kh8 {[%emt 0:15:30]} 44. Kg2 {[%emt 0:02:30]} Qd1 {[%emt 0:08:32]} 45. Qc8+ {[%emt 0:01:30]} Kh7 {[%emt 0:00:06]} 46. Qf5+ {[%emt 0:00:30]} Kg8 {[%emt 0:00:22]} 47. Qd5+ {[%emt 0:01:30]} Kh8 {[%emt 0:00:33]} 48. Qa8+ {[%emt 0:00:30]} Kh7 {[%emt 0:00:08]} 49. Qf3 {[%emt 0:03:30]} Qc2 {[%emt 0:00:19]} 50. Qe4+ {[%emt 0:00:30]} Kg8 {[%emt 0:01:34]} 1/2-1/2

[Event "27th CRO-chT 1B-Men 2018"]
[Site "Biograd"]
[Date "2018.09.20"]
[Round "4.5"]
[White "Trbojevic, Mladen"]
[Black "Tomulic, Teo"]
[Result "1-0"]
[WhiteElo "2353"]
[BlackElo "2264"]
[Annotator "TA"]
[PlyCount "85"]
[EventDate "2018.09.15"]
[EventType "team-tourn"]
[EventCountry "CRO"]
[SourceTitle "playchess.com"]
[Source "ChessBase"]
[SourceQuality "1"]

{[%evp 16,85,0,4,7,27,75,79,77,79,70,74,108,76,82,73,77,54,66,73,63,62,58,56,85,87,159,166,205,117,179,164,182,107,145,145,172,98,162,160,375,362,389,375,367,385,373,365,452,429,451,446,445,445,424,433,527,529,511,524,500,504,922,874,781,720,712,712,705,705,690,689]} 1. e4 c5 2. Nf3 e6 3. c3 d5 4. exd5 Qxd5 5. d4 Nf6 6. Na3 Be7 7. Nb5 Na6 8. Be3 {B22: Sicilian: 2 c3} (8. Be2 O-O 9. O-O Qd8 10. Bf4 cxd4 11. Nbxd4 Nc5 12. Qc2 Bd6 13. Bg5 e5 14. Nf5 Nce4 15. Nxd6 Qxd6 16. Rad1 Qc7 17. Bh4 {1-0 (41) Zhigalko,S (2678)-Grachev,B (2672) Kocaeli 2014}) 8... O-O 9. Be2 {LiveBook: 3 Games} cxd4 10. Bxd4 {The position is equal.} Bd7 $146 ({Predecessor:} 10... Rd8 11. O-O Bd7 12. a4 Bc5 13. Bxf6 Qxd1 14. Rfxd1 gxf6 15. Rd2 Bc6 {½-½ (55) Lauer,M (2220)-Schneider,B (2260) Germany 2004}) 11. a4 $1 Bxb5 12. axb5 Nc5 13. O-O Rfd8 14. Ne5 Qd6 15. Bf3 Qc7 16. Qc2 Bd6 17. Rfe1 Ncd7 18. Nxd7 Nxd7 19. g3 ({Much weaker is} 19. Rxa7 Rxa7 20. Bxa7 b6 $15) 19... Bc5 20. Red1 e5 (20... Bxd4 $142 21. Rxd4 Ne5 22. Rxd8+ Rxd8) 21. Bxc5 $16 Nxc5 22. Bd5 (22. Rxd8+ $1 $18 Rxd8 23. b4 (23. Rxa7 Qb6 $16)) 22... Rd6 (22... a6 $16) 23. Qf5 {Strongly threatening Qxf7+!} Rf6 {[#]} 24. Qg4 (24. Rxa7 $1 $18 {[%mdl 512]} Rd8 (24... Rxa7 25. b6) 25. Qc2) 24... Qb6 25. Qe2 e4 26. Rd4 (26. c4 $18) 26... g6 (26... Rc8 $16 {was called for.}) 27. b4 $18 Nd3 $2 (27... Ne6 $16 {might work better.}) 28. Rf1 Ne5 {...Nf3+ is the strong threat.} 29. Rxe4 Nf3+ 30. Kg2 Ng5 31. Re7 Rb8 32. Qe5 {White is clearly winning.} Qd6 33. Qxd6 Rxd6 34. Rxb7 Rxb7 35. Bxb7 {[%mdl 4096] Endgame KRB-KRN} Rb6 36. Bc6 a6 37. bxa6 Rxa6 38. b5 Ra3 (38... Rb6 $142 39. Ra1 Ne6) 39. Rb1 Ne6 40. b6 {Hoping for b7.} Nd8 41. Bd5 Rxc3 42. b7 Nxb7 43. Rxb7 {Precision: White = 76%, Black = 46%.} 1-0

[Event "27th CRO-chT 1B-Men 2018"]
[Site "Biograd"]
[Date "2018.09.18"]
[Round "4.6"]
[White "Safar, Sandro"]
[Black "Tomasic, Roland"]
[Result "1/2-1/2"]
[WhiteElo "2214"]
[BlackElo "2166"]
[Annotator "ChessBase"]
[PlyCount "145"]
[EventDate "2018.09.15"]
[EventType "team-tourn"]
[EventCountry "CRO"]
[SourceTitle "playchess.com"]
[Source "ChessBase"]
[SourceQuality "1"]
[TimeControl "40/5400+30:1800+30"]

1. e4 {[%emt 0:00:30]} c5 {[%emt 0:01:30]} 2. Nc3 {[%emt 0:00:00]} Nc6 {[%emt 0:00:00]} 3. f4 {[%emt 0:00:00]} g6 {[%emt 0:01:00]} 4. Nf3 {[%emt 0:00:30]} Bg7 {[%emt 0:00:30]} 5. Bc4 {[%emt 0:01:30]} e6 {[%emt 0:00:00]} 6. f5 {[%emt 0:02:30]} Nge7 {[%emt 0:03:00]} 7. fxe6 {[%emt 0:00:30]} dxe6 {[%emt 0:00:00]} 8. d3 {[%emt 0:01:30]} O-O {[%emt 0:01:00]} 9. O-O {[%emt 0:03:30]} Nd4 {[%emt 0:02:30]} 10. Nxd4 {[%emt 0:01:30]} cxd4 {[%emt 0:03:30]} 11. Ne2 {[%emt 0:02:30]} Nc6 {[%emt 0:00:30]} 12. Qe1 {[%emt 0:02:30]} Na5 {[%emt 0:25:30]} 13. Bb5 {[%emt 0:06:30]} a6 {[%emt 0:04:30]} 14. Ba4 {[%emt 0:00:30]} b5 {[%emt 0:00:30]} 15. Bd2 {[%emt 0:00:30]} Nb7 {[%emt 0:01:30]} 16. Bb3 {[%emt 0:00:30]} Nc5 {[%emt 0:04:30]} 17. Bb4 {[%emt 0:15:30]} Qc7 {[%emt 0:02:30]} 18. Qf2 {[%emt 0:21:30]} Nxb3 {[%emt 0:10:30]} 19. axb3 {[%emt 0:07:30]} Re8 {[%emt 0:05:30]} 20. Nxd4 {[%emt 0:03:30]} Bb7 {[%emt 0:03:30]} 21. Bc3 {[%emt 0:03:30]} e5 {[%emt 0:05:30]} 22. Nf3 {[%emt 0:01:30]} a5 {[%emt 0:01:30]} 23. Ne1 {[%emt 0:09:32]} Rf8 {[%emt 0:01:30]} 24. b4 {[%emt 0:01:33]} a4 {[%emt 0:00:30]} 25. Qc5 {[%emt 0:00:25]} Qxc5+ {[%emt 0:01:30]} 26. bxc5 {[%emt 0:00:04]} Rfc8 {[%emt 0:00:30]} 27. Bb4 {[%emt 0:06:06]} Bf8 {[%emt 0:04:51]} 28. c3 {[%emt 0:00:12]} Bxc5+ {[%emt 0:00:23]} 29. Bxc5 {[%emt 0:00:04]} Rxc5 {[%emt 0:00:05]} 30. Nc2 {[%emt 0:00:10]} Rd8 {[%emt 0:02:07]} 31. Nb4 {[%emt 0:02:16]} Kg7 {[%emt 0:00:27]} 32. Rf2 {[%emt 0:02:58]} f6 {[%emt 0:01:17]} 33. Kf1 {[%emt 0:00:45]} Ra8 {[%emt 0:01:59]} 34. Nc2 {[%emt 0:00:13]} Rf8 {[%emt 0:01:52]} 35. Ke2 {[%emt 0:01:37]} h5 {[%emt 0:02:32]} 36. g3 {[%emt 0:00:35]} Rc7 {[%emt 0:03:37]} 37. Ke3 {[%emt 0:00:35]} h4 {[%emt 0:02:01]} 38. g4 {[%emt 0:00:32]} Bc8 {[%emt 0:00:27]} 39. Rg1 {[%emt 0:00:53]} Kh6 {[%emt 0:01:50]} 40. g5+ {[%emt 0:00:00]} Kg7 {[%emt 0:00:00]} 41. Rxf6 {[%emt 0:03:00]} Rxf6 {[%emt 0:01:02]} 42. gxf6+ {[%emt 0:00:00]} Kxf6 {[%emt 0:00:00]} 43. Nb4 {[%emt 0:04:00]} Be6 {[%emt 0:06:00]} 44. d4 {[%emt 0:05:30]} exd4+ {[%emt 0:01:30]} 45. cxd4 {[%emt 0:00:30]} Rc4 {[%emt 0:00:30]} 46. Nd3 {[%emt 0:00:30]} Rc2 {[%emt 0:01:30]} 47. d5 {[%emt 0:02:30]} Bf7 {[%emt 0:01:30]} 48. Rf1+ {[%emt 0:01:30]} Kg7 {[%emt 0:00:30]} 49. Ne5 {[%emt 0:01:56]} Be8 {[%emt 0:01:30]} 50. d6 {[%emt 0:00:21]} Rxb2 {[%emt 0:00:30]} 51. d7 {[%emt 0:08:56]} Bxd7 {[%emt 0:00:00]} 52. Rf7+ {[%emt 0:00:22]} Kh6 {[%emt 0:01:00]} 53. Rxd7 {[%emt 0:00:31]} a3 {[%emt 0:00:30]} 54. Ra7 {[%emt 0:00:12]} a2 {[%emt 0:07:49]} 55. h3 {[%emt 0:03:18]} Kg5 {[%emt 0:07:34]} 56. Ra6 {[%emt 0:01:44]} b4 {[%emt 0:04:22]} 57. Ra5 {[%emt 0:01:16]} Kf6 {[%emt 0:01:56]} 58. Nd3 {[%emt 0:01:47]} Rh2 {[%emt 0:00:30]} 59. Ra6+ {[%emt 0:01:09]} Kg7 {[%emt 0:01:15]} 60. Nxb4 {[%emt 0:00:16]} Rxh3+ {[%emt 0:00:12]} 61. Kf4 {[%emt 0:00:16]} Rb3 {[%emt 0:00:40]} 62. Nd5 {[%emt 0:02:07]} Rb2 {[%emt 0:01:06]} 63. Kg4 {[%emt 0:01:09]} Re2 {[%emt 0:01:49]} 64. Ra7+ {[%emt 0:00:56]} Kh6 {[%emt 0:00:48]} 65. Nf6 {[%emt 0:01:33]} g5 {[%emt 0:00:26]} 66. Ra6 {[%emt 0:00:39]} Kg6 {[%emt 0:00:52]} 67. Nh5+ {[%emt 0:00:30]} Kf7 {[%emt 0:00:21]} 68. Kf5 {[%emt 0:00:27]} Rf2+ {[%emt 0:00:45]} 69. Kg4 {[%emt 0:00:31]} Re2 {[%emt 0:00:24]} 70. Kf3 {[%emt 0:00:17]} Rb2 {[%emt 0:00:18]} 71. Kg4 {[%emt 0:00:45]} Re2 {[%emt 0:00:18]} 72. Kf3 {[%emt 0:00:31]} Rb2 {[%emt 0:00:13]} 73. Kg4 {[%emt 0:00:30]} 1/2-1/2

[Event "27th CRO-chT 1B-Men 2018"]
[Site "Biograd"]
[Date "2018.09.20"]
[Round "4.8"]
[White "Rezan, Sasa"]
[Black "Srbis, Jurica"]
[Result "1-0"]
[WhiteElo "2436"]
[BlackElo "2428"]
[Annotator "TA"]
[PlyCount "89"]
[EventDate "2018.09.15"]
[EventType "team-tourn"]
[EventCountry "CRO"]
[SourceTitle "playchess.com"]
[Source "ChessBase"]
[SourceQuality "1"]

{[%evp 30,89,29,15,45,24,53,41,54,58,62,42,46,16,123,130,134,88,105,76,87,86,88,92,75,-325,51,46,62,58,87,55,122,96,151,151,356,347,388,359,422,447,1243,566,5173,2972,5499,5459,5459,5459,5528,5528,5522,5466,5466,5459,5459,5459,5457,5457,5110,4519]} 1. d4 Nf6 2. c4 g6 3. Nc3 Bg7 4. e4 d6 5. Nf3 O-O 6. Be2 e5 7. O-O Nc6 8. dxe5 dxe5 9. Bg5 Qxd1 10. Rfxd1 Bg4 11. h3 Bxf3 {E97: King's Indian: Classical Main Line (6...e5 7 0-0 Nc6): 8 Be3 and 8 d5 Ne7, not 9 Ne1} 12. Bxf3 Nd4 13. Nd5 Nxd5 14. cxd5 f5 15. Kf1 Rf7 16. Rac1 {[#] LiveBook: 12 Games} Re8 $146 ({Predecessor:} 16... fxe4 17. Bxe4 Bf8 18. Rd3 Bd6 19. Be3 {1-0 (65) Ponomariov,R (2764)-Nakamura,H (2770) Dortmund 2011}) 17. Be3 Ree7 18. a4 h5 19. Rc4 Kh7 20. Ke1 a6 21. Rd3 c6 (21... Re8 $11 {remains equal.}) 22. dxc6 $16 bxc6 23. Kd1 Rb7 24. Bxd4 exd4 25. exf5 Rxf5 26. b3 Rb6 27. Rxc6 $2 {[%mdl 8192] [#]} (27. g4 $16 {and life is bright.} hxg4 28. hxg4) 27... Rxc6 $2 (27... Rxf3 $1 $19 {[%mdl 512]} 28. Rxb6 (28. Rxf3 Rxc6) 28... Rxd3+ 29. Ke2 Rc3) 28. Bxc6 $14 Rxf2 $16 {[%mdl 4096] Endgame KRB-KRB} 29. b4 Ra2 30. Kc1 Be5 ({Black should try} 30... Bh6+ $14 31. Kb1 Rd2 32. Rxd2 Bxd2) 31. a5 Re2 (31... Bf4+ $142 32. Kb1 Rd2 33. Rxd2 Bxd2) 32. Bb7 Re3 $2 {[#]} (32... Bf4+ $16 33. Kd1 Rb2) 33. Bxa6 $18 Re1+ 34. Kc2 Re2+ 35. Rd2 {White is clearly winning.} Rxd2+ (35... Re1 $142 36. Bc4 Re3) 36. Kxd2 {KB-KB} Bd6 37. b5 {[%cal Bb4b5,Bb5b6,Bb6b7][%mdl 32]} Bb4+ 38. Kd3 Bxa5 39. Kxd4 Kh6 40. Kc5 Kg5 41. b6 Kf4 42. b7 Bc7 43. Kc6 Bb8 44. Bc4 g5 45. Kd7 {Precision: White = 68%, Black = 17%.} 1-0

[Event "27th CRO-chT 1B-Men 2018"]
[Site "Biograd"]
[Date "2018.09.18"]
[Round "4.9"]
[White "Ostovic, Matija"]
[Black "Bilobrk, Franjo"]
[Result "1/2-1/2"]
[WhiteElo "2390"]
[BlackElo "2360"]
[Annotator "TA"]
[PlyCount "31"]
[EventDate "2018.09.15"]
[EventType "team-tourn"]
[EventCountry "CRO"]
[SourceTitle "playchess.com"]
[Source "ChessBase"]
[SourceQuality "1"]

{[%evp 15,17,6,11,12]} 1. e4 {[%cal Be2e4,Be4e5][%mdl 32]} c5 2. c3 Nf6 3. e5 Nd5 4. d4 cxd4 5. Nf3 Nc6 6. cxd4 d6 7. Bc4 dxe5 8. dxe5 Nb6 {LiveBook: 44 Games. B22: Sicilian: 2 c3} 9. Qxd8+ {Predecessor:} Nxd8 $146 10. Bb3 g6 11. Nc3 Bg7 12. Bg5 Nc6 13. O-O Bg4 14. e6 Bxe6 15. Bxe6 fxe6 16. Rac1 {0-1 (40) Ghaem Maghami,E (2596)-Vachier Lagrave,M (2758) Berlin 2015} 1/2-1/2

[Event "27th CRO-chT 1B-Men 2018"]
[Site "Biograd"]
[Date "2018.09.18"]
[Round "4.10"]
[White "Biliskov, Vjekoslav"]
[Black "Ivekovic, Zvonimir"]
[Result "1-0"]
[WhiteElo "2292"]
[BlackElo "2424"]
[Annotator "TA"]
[PlyCount "67"]
[EventDate "2018.09.15"]
[EventType "team-tourn"]
[EventCountry "CRO"]
[SourceTitle "playchess.com"]
[Source "ChessBase"]
[SourceQuality "1"]

{[%evp 24,66,55,47,67,67,74,63,91,87,89,54,37,24,30,27,42,26,54,31,40,28,84,75,64,72,266,230,645,630,633,622,826,418,559,615,29992,29993,29993,29986,29997,29997,29997,29998,29999]} 1. d4 Nf6 2. c4 c5 3. d5 e6 4. Nc3 exd5 5. cxd5 d6 6. e4 g6 7. Nge2 Bg7 8. Ng3 O-O 9. Be2 Na6 10. O-O {A65: Modern Benoni: 6 e4} Nc7 11. a4 Re8 (11... Nd7 12. Bf4 Ne5 13. Qd2 h5 14. h3 Bd7 15. Rae1 a6 16. Bh6 h4 17. Nh1 f6 18. Bxg7 Kxg7 {0-1 (45) Mchedlishvili,M (2601)-Pantsulaia,L (2607) Tbilisi 2017}) 12. Bg5 h6 13. Be3 {LiveBook: 7 Games} Rb8 14. Qd2 Kh7 $1 15. f3 a6 {[%cal Ba7a6,Ba6a5,Ba5a4][%mdl 32]} 16. Rab1 a5 $146 ({Predecessor:} 16... b5 17. axb5 axb5 18. b4 cxb4 19. Rxb4 Bd7 20. Rb3 {½-½ (20) Sertic,R (2381)-Cebalo,M (2370) Sibenik 2016}) 17. Bc4 Bd7 18. Nb5 Nxb5 19. axb5 Qb6 20. Qd3 $36 {[%mdl 2048] White is more active.} a4 21. Kh1 Ra8 22. Bd2 Ra7 (22... Qd8 $11) 23. Ra1 $16 Rea8 24. f4 {Hoping for e5.} Ne8 $2 (24... a3 $16 {was worth a try.}) 25. e5 $18 Nc7 $2 {[#]} (25... a3 26. e6 (26. Rxa3 Nc7 $18) (26. bxa3 Bc8 $16) 26... fxe6) 26. f5 $1 dxe5 {[%cal Rd7b5]} 27. fxg6+ fxg6 {[%cal Rd7b5]} 28. d6 Nxb5 29. Rf7 {Qe3 would kill now.} Be8 {[#]} 30. Rxg7+ $1 {[%mdl 512] White mates.} Kxg7 31. Qd5 Nxd6 32. Qg8+ Kf6 33. Qf8+ Nf7 34. Rf1# {Precision: White = 64%, Black = 34%.} 1-0